000 00681nam a2200193Ii 4500
003 JO-AjNU
008 230605s9999||||xx |||||||||||||| ||und||
040 _aJO-AjNU
_bara
_erda
_cJO-AjNU
041 _aara
050 1 4 _aPR6056.A75.S412 1987
100 3 _aفارل،جيمس غودن ؛ ترجمة عزيز المطلبي,
_eauthor
_916061
245 0 0 _aحصار كرشنابور، القسم الأول
264 3 1 _aبغداد: دار الشؤون الثقافية، 1987
300 _aالقسم الاول، 456ص
336 _atext
_btxt
_2rdacontent
337 _aunmediated
_bn
_2rdamedia
338 _avolume
_bnc
_2rdacarrier
650 4 _aروايات مترجمة
_916062
999 _aA4677
_c8245
_d8245